00872nam a2200229 a 4500001001000000003000900010005001700019007000300036008004100039040002500080041001300105082002500118100002500143245016200168250002700330260006700357300003600424600005200460651007800512700002100590700003100611000026649DO-SdBNP20240409073641.0ta110324t1937 dr ac 001 0bspa d aDO-SdBNPbspacBNPHU17aspaheng 4a972.93053bT866b2221 aBesault, Lawrence de13aEl presidente Trujillo :bsu obra y la República Dominicana /cLawrence de Besault ; traducción G. Gowrie ; corregida y dirigida por R. Emilio Jiménez. a[1ª ed. en español] aCiudad Trujillo, República Dominicana :bLa Nación,c1937. a400 p. :bil., retrs. ;c23 cm.10aTrujillo Molina, Rafael Leónidas,d 1891-1961 4aRepública DominicanaxPolítica Y GobiernoyERA DE TRUJILLO, 1930-19611 aGowrie, G.,etr.1 aJiménez, R. Emilio,eed.